00776nam a2200181 a 450000100100000000500170001000800410002704000250006808200240009311001050011724500620022226000700028430000240035465000400037865000470041865000610046565100680052600002146620200930011334.0100908s1972 dr a r 000 0 spa d aDO-SdBNPbspacBNPHU a352.48bR426p, 19721 aRepública Dominicana.bSecretariado Técnico de la Presidencia.bOficina Nacional de Presupuesto,10aPresupuesto de ingresos y ley de gastos públicos 1972 . aSanto Domingo :bSecretariado Técnico de la Presidencia,c1972. av. :bil. ;c28 cm. 4aPresupuestozRepública Dominicana 4aHacienda públicazRepública Dominicana 4aPresupuestoxLegislaciónzRepública Dominicanay1972 aRepública DominicanaxGastos Presupuestarios Públicosy1972